Photovoltaic Engineering Handbook (Record no. 9310)

MARC details
000 -LEADER
fixed length control field 00603nam a22002057a 4500
003 - CONTROL NUMBER IDENTIFIER
control field OSt
005 - DATE AND TIME OF LATEST TRANSACTION
control field 20240730134752.0
008 - FIXED-LENGTH DATA ELEMENTS--GENERAL INFORMATION
fixed length control field 240730b |||||||| |||| 00| 0 eng d
020 ## - INTERNATIONAL STANDARD BOOK NUMBER
International Standard Book Number 0852743114
040 ## - CATALOGING SOURCE
Transcribing agency MUST
082 ## - DEWEY DECIMAL CLASSIFICATION NUMBER
Classification number 621.1244 LAS 1990
100 ## - MAIN ENTRY--PERSONAL NAME
Personal name Lasnier,France
9 (RLIN) 19034
245 ## - TITLE STATEMENT
Title Photovoltaic Engineering Handbook
Statement of responsibility, etc. F Lasnier and Tont Gan Ang
260 ## - PUBLICATION, DISTRIBUTION, ETC. (IMPRINT)
Place of publication, distribution, etc. England
Name of publisher, distributor, etc. Adam Hilger
Date of publication, distribution, etc. 1990
300 ## - PHYSICAL DESCRIPTION
Extent xx,568p.
Other physical details includes bibliograpgic reference,ill.
Dimensions 24cm.
504 ## - BIBLIOGRAPHY, ETC. NOTE
Bibliography, etc References and indexes
650 ## - SUBJECT ADDED ENTRY--TOPICAL TERM
Source of heading or term solar energy
650 ## - SUBJECT ADDED ENTRY--TOPICAL TERM
Source of heading or term photovoltaic power generation
942 ## - ADDED ENTRY ELEMENTS (KOHA)
Source of classification or shelving scheme Dewey Decimal Classification
Koha item type Book
Holdings
Withdrawn status Lost status Source of classification or shelving scheme Damaged status Not for loan Home library Current library Date acquired Source of acquisition Inventory number Total Checkouts Full call number Barcode Date last seen Price effective from Koha item type
    Dewey Decimal Classification     Main Kihumuro Campus MUST Main Library 30/07/2024 Purchase 05/24633   621.1244 LAS 1990 2024-22223 30/07/2024 30/07/2024 Book
    Dewey Decimal Classification     Main Kihumuro Campus Main Kihumuro Campus 30/07/2024 Purchase 05/24632   621.1244 LAS 1990 2024-22224 30/07/2024 30/07/2024 Book